LEADER 01135nam0-22003011i-450- 001 990006570150403321 005 20001010 035 $a000657015 035 $aFED01000657015 035 $a(Aleph)000657015FED01 035 $a000657015 100 $a20001010d--------km-y0itay50------ba 101 0 $aita 105 $ay-------001yy 200 1 $aFatti e questioni in tema di ordinamento del personale nel Friuli-Venezia Giulia (appunti di cronaca)$fdi Sergio Bartole 210 $aTrieste$cUniversità degli Studi$d1967 215 $a24 p., 22 cm 300 $a"Estratto dal n.37(anno XIV, del 1967) del 'Bollettino della Scuola di Perfezionamentoe di Specializzazione in dorotto del lavoroe della sicurezza sociale dell'Università degli Studi di Trieste" 676 $a353.9 700 1$aBartole,$bSergio$f<1936- >$0130569 801 0$aIT$bUNINA$gRICA$2UNIMARC 901 $aBK 912 $a990006570150403321 952 $aBUSTA I D 54$b601$fFSPBC 959 $aFSPBC 996 $aFatti e questioni in tema di ordinamento del personale nel Friuli-Venezia Giulia (appunti di cronaca$9623822 997 $aUNINA DB $aGEN01 LEADER 01323nam a2200301 i 4500 001 991002120939707536 005 20020508190827.0 008 000220s1978 it a 00| 0 ita d 035 $ab10962323-39ule_inst 035 $aPARLA154865$9ExL 040 $aDip.to Filosofia$bita 082 0 $a599.8045 110 2 $aOpen University$034998 245 13$aLe basi biologiche del comportamento /$ca cura di The Open University 260 $aMilano :$bMondadori,$c1978 300 $a2 v. ;$c21 cm 490 0 $aBiblioteca della Est 570 0 $a570$222 650 4$aComportamento 907 $a.b10962323$b23-02-17$c28-06-02 912 $a991002120939707536 945 $aLE003 570 EST01.17 V.I (1978)$cV. I$g1$i2003000031270$lle003$o-$pE0.00$q-$rl$s- $t0$u0$v0$w0$x0$y.i1206970x$z18-12-02 945 $aLE003 570 EST01.17 V.II (1978)$cV. II$g1$i2003000035988$lle003$o-$pE0.00$q-$rl$s- $t0$u0$v0$w0$x0$y.i12063587$z18-12-02 945 $aLE005IF XXII E 74 II$cV. 2$g1$i2005000098147$lle005$o-$pE0.00$q-$rl$s- $t0$u0$v0$w0$x0$y.i11071874$z28-06-02 945 $aLE005IF XXII E 74 I$cV. 1$g1$i2005000098154$lle005$o-$pE0.00$q-$rl$s- $t0$u0$v0$w0$x0$y.i11071886$z28-06-02 996 $aBasi biologiche del comportamento$9863675 997 $aUNISALENTO 998 $a(2)le003$a(2)le005$b01-01-00$cm$da $e-$fita$git $h3$i2